| 000 | 00573nam a2200205Ia 4500 | ||
|---|---|---|---|
| 005 | 20251122104205.0 | ||
| 008 | 230125s9999 xx 000 0 und d | ||
| 020 | _a9781847392718 | ||
| 041 | _aeng | ||
| 082 |
_a158.1 _bCOV |
||
| 100 |
_aCovey S R _9214839 |
||
| 245 |
_aThe Speed of Trust _bThe One Thing that Changes Everything |
||
| 250 | _aEd.1st | ||
| 260 |
_c2006 _bPocket book publisher _aLondon |
||
| 300 | _a354p | ||
| 500 | _aPersonality Development | ||
| 650 |
_aPersonality Development _9213420 |
||
| 700 |
_aCovey S R & Merrill R R _9215212 |
||
| 942 | _cBK | ||
| 999 |
_c94352 _d94352 |
||